الملك أوديب : (Record no. 12382)

MARC details
000 -الفاتح
حقل البيانات ثابتة الطول 00935cam a22002775i 4500
003 - محدد رقم الضبط
رقم الضبط EG-ScBUE
005 - وقت وتاريخ اخر تعامل مع التسجيلة
رقم الضبط 20210207153956.0
008 - عناصر البيانات ثابتة الطول - معلومات عامة
حقل البيانات ثابتة الطول 090721s2006 ua g 000 d ara d
017 ## - رقم الإيداع القانونى
رقم الإيداع القانونى 2005 / 18464
020 ## - الرقم الدولى المعيارى للكتب
الرقم الدولى المعيارى للكتاب 9770913723
040 ## - مصدر الفهرسة
وكالة الفهرسة الأصلية EG-ScBUE
لغة الفهرسة ara
قواعد الوصف rda
وكالة النسخ EG-ScBUE
وكالة التعديل EG-ScBUE
082 04 - رقم تصنيف ديوى العشرى
رقم التصنيف ‪892.726
رقم المادة ح ك ي
رقم الطبعة 22
100 1# - المدخل الرئيسى - إسم شخصى
الإسم الشخصى حكيم، توفيق،
التواريخ المصاحبة للاسم 1898-1987،
الدور مؤلف.
245 12 - بيان العنوان
العنوان الملك أوديب :
بقية العنوان مسرحية /
بيان المسئوليه,etc توفيق الحكيم.
250 ## - بيان الطبعة
بيان الطبعة طبعة دار الشروق الأولى.
264 #1 - النشر، التوزيع
مكان الناشر او الموزع القاهرة :
اسم الناشر او الموزع دار الشروق،
تاريخ النشر أو التوزيع 2006.
300 ## - الوصف المادى
التعداد 171 صفحة ؛
أبعاد الوعاء 20 سم.
336 ## - نوع المحتوى
Carrier Type Term نص
Content Type Code txt
source rdacontent
337 ## - نوع الوسيط
Media Type Term بدون وسيط
Media Type Code n
source rdamedia
338 ## - نوع الحامل أو الناقل
Carrier Type Term مجلد
Carrier Type Code nc
source rdacarrier
490 0# - بيان السلسلة
عنوان السلسلة مسرحيات
650 #7 - المدخل الاضافى بالموضوع-مصطلح موضوعى
مصطلح موضوعي أو اسم جغرافي كعنصر مدخل المسرحيات العربية
التقسيم الفرعي الزمني قرن 20.
مصدر الرأس أو المصطلح BUEsh
651 ## - المدخل الاضافى بالموضوع - اسم جغرافى
مصدر الرأس أو المصطلح BUEsh
653 ## - مصطلح تكشيفى غير مقيد
Resource For college Arabic Literature
-- Generalities
Arrived date list February2021
942 ## - عناصر المدخل الإضافي( كوها)
مصدر التصنيف او مخطط الترفيف Dewey Decimal Classification
Koha [default] item type Book - Borrowing
Holdings
حالة التراجع حالة الفقد مصدر التصنيف او خطة الترفيف حالة تلف ليس للاعارة مجموعات كوها المكان الدائم المكان الحالي موقع الترفيف تاريخ الاكتساب Source of acquisition رقم الاستدعاء الباركود Date last seen مُعار نوع الوعاء تبصرة عامة تحديد مواد ( مجلدات مجمعه أو جزء أخر)
    Dewey Decimal Classification     Alef-Baa Central Library Central Library Group Study Rooms 21/07/2009   ‪892.726 ح ك ي 000017397 15/07/2025 19/02/2023 Book - Borrowing Room (R) - توفيق الحكيم  
  Lost Dewey Decimal Classification     Alef-Baa Central Library Central Library Second Floor 21/07/2009   ‪892.726 ح ك ي 000017399 21/07/2009   NB - Book (Non borrowing)   Lost In Inventory_2015-8-23